| 000 | 01295nab a22002297a 4500 | ||
|---|---|---|---|
| 999 |
_c5739 _d5739 |
||
| 003 | OSt | ||
| 005 | 20260101200908.0 | ||
| 008 | 190514b xxu||||| |||| 00| 0 spa d | ||
| 040 | _cPJ | ||
| 100 |
_96658 _aTanarro, Camila |
||
| 245 | 1 | 3 |
_aLa disposición ANMAT 3646/98 y el acceso a la interrupción voluntaria del embarazo / _cCamila Tanarro. |
| 300 | _ap. 7-14 | ||
| 500 | _aCita: TR LALEY AR/DOC/457/2025. | ||
| 505 | _aSumario: I. Introducción.— II. Breve reseña del fallo.— III. Acción colectiva y legitimación activa.— IV. Legitimidad de la medida cautelar.— V. Jerarquía normativa: marco constitucional de los derechos en juego.— VI. Conclusión. | ||
| 505 | _aFallo comentado: CNFed. Contenciosoadministrativo, sala I ~ 19/09/2024 ~ Asociación Civil Centro de Estudios Legales y Sociales c. Administración Nacional de Medicamentos Alimentos y Tecnología — Disp. 3646/98 Expte. 23296671/23 s/ inc. apelación. | ||
| 650 | 0 |
_9967 _aDERECHO DE FAMILIA |
|
| 650 | 0 |
_95886 _aINTERRUPCIÓN DEL EMBARAZO |
|
| 650 | 0 |
_92936 _aABORTO |
|
| 650 | 0 |
_91057 _aJURISPRUDENCIA APLICABLE |
|
| 773 | 0 |
_02844 _93222 _dBuenos Aires : AbeledoPerrot, 1989- _tDerecho de familia. Revista Interdisciplinaria de doctrina y jurisprudencia. Abril 2025-II. _z18511201 |
|
| 942 |
_2udc _cANA |
||